Education as Foreign Policy Tool : Kenya students' airlift to Russia and Eastern Europe, 1954-1991 / (Record no. 4352)
| 000 -LEADER | |
|---|---|
| fixed length control field | 01545cam a2200349 i 4500 |
| 001 - CONTROL NUMBER | |
| control field | 22644122 |
| 003 - CONTROL NUMBER IDENTIFIER | |
| control field | OSt |
| 005 - DATE AND TIME OF LATEST TRANSACTION | |
| control field | 20231003115501.0 |
| 006 - FIXED-LENGTH DATA ELEMENTS--ADDITIONAL MATERIAL CHARACTERISTICS--GENERAL INFORMATION | |
| fixed length control field | m |o d | |
| 007 - PHYSICAL DESCRIPTION FIXED FIELD--GENERAL INFORMATION | |
| fixed length control field | cr_||||||||||| |
| 008 - FIXED-LENGTH DATA ELEMENTS--GENERAL INFORMATION | |
| fixed length control field | 220608s2022 mdu ob 001 0 eng |
| 010 ## - LIBRARY OF CONGRESS CONTROL NUMBER | |
| LC control number | 2022026674 |
| 020 ## - INTERNATIONAL STANDARD BOOK NUMBER | |
| International Standard Book Number | 9789966854964 |
| 040 ## - CATALOGING SOURCE | |
| Original cataloging agency | DLC |
| Language of cataloging | eng |
| Transcribing agency | DLC |
| Description conventions | rda |
| Modifying agency | DLC |
| 042 ## - AUTHENTICATION CODE | |
| Authentication code | pcc |
| 043 ## - GEOGRAPHIC AREA CODE | |
| Geographic area code | f-nr--- |
| 050 00 - LIBRARY OF CONGRESS CALL NUMBER | |
| Classification number | DT515.62.K87 2014 |
| 082 04 - DEWEY DECIMAL CLASSIFICATION NUMBER | |
| Classification number | 327.669 |
| Edition number | 23/eng/20220608 |
| 100 ## - MAIN ENTRY--PERSONAL NAME | |
| Personal name | Kurgat, K. Paul |
| 245 00 - TITLE STATEMENT | |
| Title | Education as Foreign Policy Tool : Kenya students' airlift to Russia and Eastern Europe, 1954-1991 / |
| Statement of responsibility, etc | Paul K. Kurgat |
| 260 ## - PUBLICATION, DISTRIBUTION, ETC. (IMPRINT) | |
| Place of publication, distribution, etc | Eldoret |
| Name of publisher, distributor, etc | Moi University Press |
| Date of publication, distribution, etc | 2014 |
| 300 ## - PHYSICAL DESCRIPTION | |
| Extent | xvii, 244 p: |
| Dimensions | 24cm |
| 520 ## - SUMMARY, ETC. | |
| Summary, etc | "Africa's International Relations in a Globalising World: Perspectives on Nigerian Foreign Policy at Sixty and Beyond address essential questions about Nigeria's foreign policy such as how well the policy and its practice of diplomacy have served national interest, and what more needs to be done to assure of better results now and into the future"-- |
| 651 #0 - SUBJECT ADDED ENTRY--GEOGRAPHIC NAME | |
| Geographic name | Nigeria |
| General subdivision | Foreign relations. |
| 700 1# - ADDED ENTRY--PERSONAL NAME | |
| Personal name | Tar, Usman A., |
| Relator term | editor. |
| 700 1# - ADDED ENTRY--PERSONAL NAME | |
| Personal name | Wapmuk, Sharkdam, |
| Dates associated with a name | 1976- |
| Relator term | editor. |
| 700 1# - ADDED ENTRY--PERSONAL NAME | |
| Personal name | Muhammad-Bande, Tijjani, |
| Dates associated with a name | 1957- |
| Relator term | writer of foreword. |
| 776 08 - ADDITIONAL PHYSICAL FORM ENTRY | |
| Display text | Print version: |
| Title | Africa's international relations in a globalising world |
| Place, publisher, and date of publication | Lanham : Lexington Books, [2022] |
| International Standard Book Number | 9781793646903 |
| Record control number | (DLC) 2022026673 |
| 906 ## - LOCAL DATA ELEMENT F, LDF (RLIN) | |
| a | 7 |
| b | cbc |
| c | orignew |
| d | 1 |
| e | ecip |
| f | 20 |
| g | y-gencatlg |
| 942 ## - ADDED ENTRY ELEMENTS (KOHA) | |
| Source of classification or shelving scheme | |
| Koha item type | Book |
| Withdrawn status | Lost status | Source of classification or shelving scheme | Damaged status | Not for loan | Home library | Current library | Shelving location | Date acquired | Total Checkouts | Full call number | Barcode | Date last seen | Copy number | Price effective from | Koha item type |
|---|---|---|---|---|---|---|---|---|---|---|---|---|---|---|---|
| Riara University Library | Riara University Library | General stack | 03/10/2023 | DT515.62.K87 2014 | 6088/15 | 03/10/2023 | C.1 | 03/10/2023 | Book | ||||||
| Riara University Library | Riara University Library | General stack | 03/10/2023 | DT515.62.K87 2014 | 6089/15 | 03/10/2023 | C.2 | 03/10/2023 | Book | ||||||
| Riara University Library | Riara University Library | General stack | 03/10/2023 | DT515.62.K87 2014 | 6090/15 | 03/10/2023 | C.3 | 03/10/2023 | Book | ||||||
| Riara University Library | Riara University Library | General stack | 03/10/2023 | DT515.62.K87 2014 | 6091/15 | 03/10/2023 | C.4 | 03/10/2023 | Book | ||||||
| Riara University Library | Riara University Library | General stack | 03/10/2023 | DT515.62.K87 2014 | 6092/15 | 03/10/2023 | C.5 | 03/10/2023 | Book | ||||||
| Riara University Library | Riara University Library | General stack | 03/10/2023 | DT515.62.K87 2014 | 6093/15 | 03/10/2023 | C.6 | 03/10/2023 | Book |
